| 000 | 01049nam a2200205 i 4500 | ||
|---|---|---|---|
| 001 | 189617 | ||
| 003 | ES-MaACL | ||
| 005 | 20250626063224.0 | ||
| 008 | 190703s1864 fr |||| | fre d | ||
| 100 | 1 |
_aÉlie de Beaumont, Léonce, _d1798-1874 _946988 |
|
| 245 | 1 | 0 |
_aTableau des données numériques _b: qui fixen les 362 points principaux du réseau pentagonal / _cpar M. L. Élie de Beaumont. |
| 260 |
_aParis : _bImp. de Gauthier-Villars, _c[1864] |
||
| 300 |
_a24 p. ; _c27 cm. |
||
| 594 | _aPrecede al tít.: Institut Impérial de France, Académie des Sciences. | ||
| 595 | _aExtrait des "Comptes rendus des séances de l'Académie des Sciences", t. LVIII, séances des 15, 22 et 29 février 1864. | ||
| 650 | 4 |
_aProyección cartográfica. _9154258 |
|
| 710 | 2 |
_aAcadémie des sciences (Francia) _91231 |
|
| 852 |
_aES-MaACL _jL-32451(3) _z- Enc. cart. _z. - Legado Federico de Botella y de Hornos _z- Enc. en un vol. facticio, con tít. en el lomo de: Rapport sur les progrés de la stratigraphie |
||
| 999 |
_c189617 _d189617 |
||